| 000 | 01271nam a2200385 a 4500 | ||
|---|---|---|---|
| 001 | vtls000019361 | ||
| 003 | NLI | ||
| 005 | 20210601182028.0 | ||
| 008 | 101125s1999 gw a 000 0 eng | ||
| 020 |
_a354065724X _cDM 149.00 |
||
| 039 | 9 |
_y201011250140 _zVLOAD |
|
| 040 | 0 |
_aNLI _beng _cVERGIS-2003 |
|
| 041 | 0 | _aeng | |
| 044 | _agw | ||
| 082 | 0 | 4 | _a658 |
| 245 | 0 | 0 |
_aApplied ethics in management: _btowards new perspectives/ _cedited by S.K. Chakraborty, S.R. Chatterjee |
| 260 |
_aBerlin: _bSpringer, _c1999 |
||
| 300 |
_aix, 296 p.: _bill.; _c25 cm. |
||
| 440 | 0 |
_aStudies in economic ethics and philosopghy _964293 |
|
| 650 | 0 |
_aApplied ethics _94853 |
|
| 650 | 0 |
_aManagement _91183 |
|
| 650 | 0 |
_aManagement _xProfessional ethics _964294 |
|
| 700 | 1 |
_aChakraborty, S.K., _4edt _963564 |
|
| 700 | 1 |
_aChatterjee, S.R., _4edt _964295 |
|
| 887 | _aP. Rajendran | ||
| 901 |
_a534126 _b15/11/1999 |
||
| 902 | _aE 658 Ap 58 | ||
| 903 | _a09/03/2004 | ||
| 904 | _aP. Rajendran | ||
| 906 | _a018851 | ||
| 949 |
_AVIRTUAITEM _D10000 _F1 _X100 _6PUR000534126ENG _aE 658 Ap58 |
||
| 942 |
_2ddc _cBKS |
||
| 999 |
_aVIRTUA _c23091 _d23091 |
||
| 999 | _aVTLSSORT0080*0200*0400*0410*0440*0820*2450*2600*3000*4400*6500*6501*6502*7000*7001*8520*9010*9020*9030*9040*9060*9490*9991 | ||